DIE TOXICITÄT DES □-PENTACHLORCYCLOHEXENS (1) GEGENÜBER FISCHEN

Bibliographic Details
Main Authors: Toman, Miroslav (Author), Šťota, Zdeněk (Author)
Other Authors: Šťota, Z. (Translator), Toman, M. (Translator)
Format: Article
Language:German

MARC

LEADER 00000nab a2200000uu 4500
001 vtls011452004
003 SK-MaSNL
005 20260303123306.0
008 230213|1962 xo |||||||||||||||||ger|
015 |a SNBRB 
035 |a (urnnbn)urn:nbn:sk:snk:ar-007iv9 
035 |a (uuid)a8d788ec-25bd-4bef-90ad-5f4812169010 
035 |a urn:nbn:sk:snk-abcnu3 
040 |a SNKBUCL  |b slo  |c SNKBUCL  |e AACR2 
041 0 |a ger 
044 |a xo  |c SK 
100 1 |a Toman, Miroslav  |4 aut  |9 6629 
245 1 0 |a DIE TOXICITÄT DES □-PENTACHLORCYCLOHEXENS (1) GEGENÜBER FISCHEN  |c Miroslav Toman, Zdeněk Šťota, M. Toman, Z. Šťota 
700 1 |a Šťota, Z.  |4 trl  |9 1138988 
700 1 |a Šťota, Zdeněk  |4 aut  |9 1123779 
700 1 |a Toman, M.  |4 trl  |9 697123 
773 0 |t Biológia : časopis Slovenskej akadémie vied  |g Roč. 17, č. 6 (1962), s. 460-462 
954 |a odborná, vedecká literatúra pôvodná (slovenská)  |2 lita 
958 |a OND 
958 |a EUIPO 
958 |a article16 
999 |c 1924933  |d 1926863